Electric machinery fundamentals (Record no. 70697)
[ view plain ]
| 000 -LEADER | |
|---|---|
| fixed length control field | 00782nam a22002177a 4500 |
| 003 - CONTROL NUMBER IDENTIFIER | |
| control field | NUST-PNEC |
| 005 - DATE AND TIME OF LATEST TRANSACTION | |
| control field | 20170116181146.0 |
| 008 - FIXED-LENGTH DATA ELEMENTS--GENERAL INFORMATION | |
| fixed length control field | 140424b xxu||||| |||| 00| 0 eng d |
| 020 ## - INTERNATIONAL STANDARD BOOK NUMBER | |
| International Standard Book Number | 0072465239 |
| 020 ## - INTERNATIONAL STANDARD BOOK NUMBER | |
| International Standard Book Number | 0071151559 |
| 040 ## - CATALOGING SOURCE | |
| Transcribing agency | LIBRARY |
| 082 ## - DEWEY DECIMAL CLASSIFICATION NUMBER | |
| Classification number | 621.31042 CHA |
| 100 ## - MAIN ENTRY--PERSONAL NAME | |
| 9 (RLIN) | 15 |
| Personal name | Chapman Stephen J. |
| 245 ## - TITLE STATEMENT | |
| Title | Electric machinery fundamentals |
| Statement of responsibility, etc. | Stephen J. Chapman |
| 250 ## - EDITION STATEMENT | |
| Edition statement | 4th ed. |
| 260 ## - PUBLICATION, DISTRIBUTION, ETC. | |
| Date of publication, distribution, etc. | c.2005 |
| 300 ## - PHYSICAL DESCRIPTION | |
| Extent | xxii, 746 p. : |
| Other physical details | ill. : |
| Dimensions | 22 cm. |
| 500 ## - GENERAL NOTE | |
| General note | Includes index. http://www.amazon.com/Machinery-Fundamentals-McGraw-Hill-Electrical-Engineering/dp/0072465239/ref=sr_1_2?s=books&ie=UTF8&qid=1400740713&sr=1-2&keywords=Electric+machinery+fundamentals+Stephen+J.+Chapman+4th+ed |
| 650 ## - SUBJECT ADDED ENTRY--TOPICAL TERM | |
| 9 (RLIN) | 14988 |
| Topical term or geographic name entry element | Electric Machinery |
| General subdivision | EL |
| 942 ## - ADDED ENTRY ELEMENTS (KOHA) | |
| Source of classification or shelving scheme | |
| Koha item type | Book |
| Withdrawn status | Lost status | Source of classification or shelving scheme | Damaged status | Not for loan | Permanent Location | Current Location | Shelving location | Date acquired | Total Checkouts | Full call number | Barcode | Date last seen | Date last checked out | Price effective from | Koha item type |
|---|---|---|---|---|---|---|---|---|---|---|---|---|---|---|---|
| Pakistan Navy Engineering College (PNEC) | Pakistan Navy Engineering College (PNEC) | 6 | 621.31042 CHA | PNECLIB-030405 | 11/03/2016 | 11/03/2016 | Book | ||||||||
| Pakistan Navy Engineering College (PNEC) | Pakistan Navy Engineering College (PNEC) | 3 | 621.31042 CHA | PNECLIB-028570 | 09/19/2016 | 09/19/2016 | Book | ||||||||
| Pakistan Navy Engineering College (PNEC) | Pakistan Navy Engineering College (PNEC) | 2 | 621.31042 CHA | PNECLIB-028718 | 03/03/2016 | 02/24/2016 | Book | ||||||||
| Pakistan Navy Engineering College (PNEC) | Pakistan Navy Engineering College (PNEC) | 4 | 621.31042 CHA | PNECLIB-028288 | 06/16/2016 | 06/16/2016 | Book |
